000 00601nam a2200205 4500
003 OSt
005 20260427075234.0
006 a
008 240730b |||||||| |||| 00| 0 eng d
020 _a9780071267960
040 _aDWCL-Main lib.
_cOC
082 _2Fourth edition
_aCirc. 621.815 Ul41m 2010
100 _aUllman, David G.
245 _aThe mechanical design process /
260 _aBoston :
_bMcGraw-Hill,
_cc2010.
300 _axiv,
_b433p. : ill. ;
_c24 cm.
504 _aIncludes bibliographical references & index.
650 _a1. Machine Design.
942 _2ddc
_n0
_cBK-CIRC
_kCirc.
999 _c2963
_d2963